000 004560000a22001810004500
003 MACL
005 20150709154421.0
008 150709b xxu||||| |||| 00| 0 eng d
040 _aMACL
_cMACL
041 _aEnglish
082 _a305.4/SRE
100 _aSreelakshmamma, K
_91585
245 _aEmpowerment of Women in India
260 _bSerials Publications
_c2008
_aNew Delhi
350 _a850
650 _aSociology
_919
942 _cBK
_k305.4/SRE
_2ddc
999 _c42166
_d42166